Daughter of the East : (Record no. 187045)

000 -LEADER
fixed length control field 01634 a2200253 4500
003 - CONTROL NUMBER IDENTIFIER
control field Nust
005 - DATE AND TIME OF LATEST TRANSACTION
control field 20230228104405.0
010 ## - LIBRARY OF CONGRESS CONTROL NUMBER
LC control number 2007431244
020 ## - INTERNATIONAL STANDARD BOOK NUMBER
International Standard Book Number 1847370756
020 ## - INTERNATIONAL STANDARD BOOK NUMBER
International Standard Book Number 9781847370754
035 ## - SYSTEM CONTROL NUMBER
System control number (IN-NdUBS)UBS07000888
040 ## - CATALOGING SOURCE
Transcribing agency Nust
082 ## - DEWEY DECIMAL CLASSIFICATION NUMBER
Classification number 920,BEN
100 1# - MAIN ENTRY--PERSONAL NAME
Personal name Bhutto, Benazir.
9 (RLIN) 4819
245 10 - TITLE STATEMENT
Title Daughter of the East :
Remainder of title an autobiography /
Statement of responsibility, etc. Benazir Bhutto.
260 ## - PUBLICATION, DISTRIBUTION, ETC.
Place of publication, distribution, etc. London ;
-- New York :
Name of publisher, distributor, etc. Simon & Schuster,
Date of publication, distribution, etc. 2007.
300 ## - PHYSICAL DESCRIPTION
Extent xx, 442 p. :
Other physical details ill. ;
Dimensions 25 cm.
505 ## - FORMATTED CONTENTS NOTE
Formatted contents note The Year of Detention (Page-23), Imprisoned in my Own Home (Page-23), Reflection from Al- Murtaza : My First Taste of Democracy (Page-46) Reflection from Al- Murtaza :The Dreaming Spires of Oxford (Page-69), Reflection from Al- Murtaza :The High Treason of Zia-ul-Haq (Page-91), Reflection from Al- Murtaza :The Judicial Murder of my Father (Page-112), Release from Al-Murtza: Democracy Challenge to Martial Law (Page-158), Solitary Confinement in Sukkur Jail (Page-170), Locked in My Mothers old Cell at Karachi Central Jail (Page-202), Two More Years Alone in Sub-Jail (Page-224), Taking on The Dictator (Page-251), The Years of Exile (Page-251), The Death of My Brother (Page-280), Return to Lahore and the Aug 1986 Massacre (Page-308), Married From my Father House (Page-350), New Hope for Democracy (Page-366), The People Prevail (Page-374), Prime Minster and Beyond (Page-392) .
600 10 - SUBJECT ADDED ENTRY--PERSONAL NAME
Personal name Bhutto, Benazir.
9 (RLIN) 4819
650 #0 - SUBJECT ADDED ENTRY--TOPICAL TERM
Topical term or geographic name entry element Prime ministers
Geographic subdivision Pakistan
9 (RLIN) 46395
651 #0 - SUBJECT ADDED ENTRY--GEOGRAPHIC NAME
Geographic name Pakistan
General subdivision Politics and government
Chronological subdivision 1971-1988.
9 (RLIN) 6629
651 #0 - SUBJECT ADDED ENTRY--GEOGRAPHIC NAME
Geographic name Pakistan
General subdivision Politics and government
Chronological subdivision 1988-
942 ## - ADDED ENTRY ELEMENTS (KOHA)
Source of classification or shelving scheme
Koha item type Book
Holdings
Withdrawn status Lost status Source of classification or shelving scheme Damaged status Not for loan Permanent Location Current Location Shelving location Date acquired Total Checkouts Full call number Barcode Date last seen Date last checked out Price effective from Koha item type Public note
          Military College of Signals (MCS) Military College of Signals (MCS) General Stacks 12/12/2016 1 920,BEN MCS33804 07/14/2023 06/22/2023 12/12/2016 Book Almirah No.59, Shelf No.2
© 2023 Central Library, National University of Sciences and Technology. All Rights Reserved.